000 00685nam a2200289Ia 4500
005 20260324120813.0
008 008 260324s9999 xx 000 0 eng d
020 _a9781315797328
037 _aEBOOK
040 _aCRL
040 _beng
040 _cCRL
041 _2eng
041 _aeng
084 _qCRL
100 _aStuart Walker
_91160036
245 0 _aDesigning Sustainability
245 0 _bMaking radical changes in a material world
260 _bTaylor and Francis
260 _c2014
365 _a
365 _b300
856 _uhttp://www.taylorfrancis.com/books/9781315797328
942 _cEBOOK
999 _c1751749
_d1751749